000 00628nam a2200229Ia 4500
005 20220726160626.0
008 131103s9999 xx 000 0 und d
020 _a0-394-31201-5
040 _aLoreto College
041 _aEnglish
082 _a808.042
_bSCH
100 _aSchor, Sandra
245 4 _aThe Random house guide to basic writing
_cSandra Schor [and] Judith Fishman
260 _aNew York
_bRandom House
_c1978
300 _axxviii,531 p.
504 _aIncludes index
650 _aLiterature -
651 _aEnglish Language - Rhetoric -
700 _aFishman, Judith
850 _aLCLIB
942 _cBK
999 _c1643
_d52122